Úvod do psychológie rozhodovania

Bibliographic Details
Main Author: Bavoľár, Jozef, 1982- (Author)
Format: Software eBook
Language:Slovak
PhysicalDescription:1 elektronický optický disk (CD-ROM) fareb. 12 cm
Published: Košice Univerzita Pavla Jozefa Šafárika 2012
ISBN:9788070979013
Subjects:
Online Access:http://www.upjs.sk/pracoviska/univerzitna-kniznica/e-publikacia/#ff

MARC

LEADER 00000nam a2200000 a 4500
001 vtls010498686
003 SK-MaSNL
005 20260301033803.0
007 co cg auuua
008 240315s2012 xo fsp 000 0 slo
015 |a SNBS2014 
020 |a 9788070979013  |q (elektronická kniha) 
040 |a SNK  |b slo  |c SNK  |e AACR2 
041 0 |a slo 
044 |a xo  |c SK 
072 7 |a 159.95  |x Vyššie duševné procesy  |2 konspekt 
080 |a 159.955.5  |2 2001 
080 |a (075.8)  |2 2001 
080 |a (0.034.44)  |2 2001 
100 1 |a Bavoľár, Jozef,  |d 1982-  |4 aut  |9 201192 
245 1 0 |a Úvod do psychológie rozhodovania  |h elektronický zdroj  |c Jozef Bavoľár 
260 |a Košice  |b Univerzita Pavla Jozefa Šafárika  |c 2012 
300 |a 1 elektronický optický disk (CD-ROM)  |b fareb.  |c 12 cm 
500 |a Názov z titulnej obrazovky 
504 |a Bibliogr. odkazy 
516 |a Textový dokument (učebnica), súbor vo formáte pdf 
538 |a Technické požiadavky: PDF prehliadač 
650 0 7 |a rozhodovanie  |x psychologické aspekty  |2 SNKPH  |9 333527 
650 0 7 |a Decision making  |x psychological aspects  |2 SNKPHeng  |9 238011 
655 7 |a elektronické zdroje  |2 SNKPH  |9 90954 
655 7 |a CD-ROM  |2 SNKPH  |9 70236 
655 7 |a učebnice vysokých škôl  |2 SNKPH  |9 70191 
655 7 |a Electronic resources  |2 SNKPHeng  |9 175546 
655 7 |a Textbooks (higher)  |2 SNKPHeng  |9 276436 
856 4 1 |u http://www.upjs.sk/pracoviska/univerzitna-kniznica/e-publikacia/#ff 
919 |a 978-80-7097-901-3 
958 |a NB 
999 |c 580675  |d 582605 
952 |a SNK  |b SNK  |y PREZ  |7 0  |p 17A1065917  |o snkSCDM 5526  |i snk2013/6731  |8 0  |0 0  |1 0  |4 0  |d 2013-03-21  |l 0  |r 2026-02-23 14:49:26  |w 2026-02-23 
952 |t snkUVO 159.9  |a SNKMST  |b SNKMST  |y PREZ  |7 0  |p 17A1065918  |o snkSCDM 5526 D1  |i snk2013/6732  |8 0  |0 0  |1 0  |4 0  |d 2013-03-21  |l 0  |r 2025-08-12 00:00:00  |w 2026-02-23